000 00691nam a22001937a 4500
999 _c18046
_d18046
003 AR-CdUCM
008 190511b ||||| |||| 00| 0 spa d
040 _aMUNICIPALIDAD PROVINCIAL DEL CUSCO
_cBIBLIOTECA MUNICIPAL DEL CUSCO
082 _a614.2 /
_bD68
100 _aDiaz Diaz, Timoteo
_938394
245 _aAnsiedad y depresión en pacientes con Hipertensión /
260 _aCusco :
_bClaudia,
_c2013.
300 _a171 paginas ;
_c20 cm.
505 _aContenido: La hipertensión -- Bases teoricos cientificas -- Epodemiologia -- Consecuencias de la hipertensión...
650 _aHipertensión
_938395
650 _aBases
_938396
942 _2ddc
_cLIBROS
945 _apjha
_d2019-05-11